| 000 | 03026nam0a2200433 4500 | ||
|---|---|---|---|
| 001 | RU\NLR\BIBL_A\012561656 | ||
| 005 | 20210909143042.0 | ||
| 010 |
_a978-5-00137194-6 _9100 |
||
| 021 |
_aRU _bКН-П-21-014660 _9КН-П-21-1162 |
||
| 035 | _a(NLR Aleph) 012561656 | ||
| 090 |
_a12462925 _c12462925 |
||
| 100 | _a20210709d2020 k y0rusy50 ca | ||
| 101 | 0 | _arus | |
| 102 | _aRU | ||
| 105 | _aac z 110zy | ||
| 181 | 0 |
_ai _baxxe |
|
| 182 | 0 | _an | |
| 200 | 1 |
_aVI Международная научно-практическая конференция "Проблемы строительного производства и управления недвижимостью", 24-25 ноября 2020 года, Кемерово _eсборник научных статей _fПравительство Кемеровской области - Кузбасса [и др.] |
|
| 203 |
_aТекст _bвизуальный _cнепосредственный |
||
| 210 |
_aКемерово _cКузГТУ _d2020 |
||
| 215 |
_a356, [1] с. _cил., цв. ил., цв. портр., табл. _d20 |
||
| 300 | _aНа обл.: Проблемы строительного производства и управления недвижимостью: сборник статей по материалам VI Международной научно-практической конференции, 24-25 ноября, Кемерово, 2020 | ||
| 300 | _aНа обл. также: 300 лет Кузбасс; 70 Кузбас. гос. техн. ун-т им. Т. Ф. Горбачева, 1950-2020 | ||
| 320 | _aБиблиогр. в конце ст. | ||
| 512 | 1 |
_aПроблемы строительного производства и управления недвижимостью _eсборник статей по материалам VI Международной научно-практической конференции, 24-25 ноября, Кемерово, 2020 |
|
| 606 | 1 |
_aНедвижимое имущество _jСъезды, совещания и т.п _xУправление _92131482 _3RU\NLR\AUTH\661285852 |
|
| 606 | 1 |
_aСтроительное дело _jСъезды, совещания и т.п _91024046 _3RU\NLR\AUTH\6674089 |
|
| 606 | 1 |
_aАвтомобильные дороги _jСъезды, совещания и т.п _9891147 _3RU\NLR\AUTH\661994 |
|
| 686 | 1 | _aУ9(2)-571.1-21(2Р)я431 | |
| 686 | 1 | _aН.я431(0) | |
| 686 | 1 | _aО311я431(0) | |
| 710 | 1 | 2 |
_a"Проблемы строительного производства и управления недвижимостью", международная научно-практическая конференция _d6 _eКемерово _f2020 _9758224 _3RU\NLR\AUTH\880546635 |
| 942 | _cBOOK | ||
| 980 | _aNBR | ||
| 980 | _aNB | ||